Cuentos junto a la lumbre : (Registro nro. 8773)

Detalles MARC
000 -LIDER
fixed length control field 00923nam a22003017a 4500
001 - NÚMERO DE CONTROL
Identificador de número de control 0074
003 - IDENTIFICACDOR DE NÚMERO DE CONTROL
control field DO-SdBNP
005 - DATE AND TIME OF LATEST TRANSACTION
control field 20180222095323.0
007 - CAMPOS FIJOS DE DESCRIPCIÓN FÍSICA
fixed length control field 0074
008 - ELEMENTOS DE LONGITUD FIJA
fixed length control field 151118b 2002 it a | |||| 00| 0 spa d
020 ## - ISBN
International Standard Book Number 88884050602
040 ## - FUENTE DE CATALOGACIÓN
Agencia que crea de manera original el registro BPMSU
Idioma de catalogación spa
Agencia que realiza la transcripción BPMSU
041 ## - CÓDIGOS DE OBRAS TRADUCIDAS O EN VARIOS IDIOMAS
Código del idioma del texto/archivo de sonido o separata spa
Cód. del idioma original y/o traducciones intermedias del texto ita
082 #4 - NÚMERO DE CLASIFICACIÓN DECIMAL DE DEWEY
Classification number xx
Item number xx
100 10 - ASIENTO PRINCIPAL -- NOMBRE PERSONAL
Nombre personal Enna, Francesco
240 1# - TITULO UNIFORME
Título uniforme Progetto un mare di sogni
245 10 - MENCIÓN DE TITULO
Título Cuentos junto a la lumbre :
Subtítulo historias y leyendas de cerdeña /
Mención de responsabilidad Francesco Enna ; traducción Gabriel Andrés ; edición Tonina Paba ; ilustraciones Bruno Enna
260 ## - PUBLICACIÓN, DISTRIBUCIÓN, ETC. (PIE DE IMPRENTA)
Lugar de publicación, distribución, etc Italia :
Nombre del editor, distribuidor, etc. Brighieventuri,
Fecha de publicación, distribución, etc 2002.
300 ## - DESCRIPCIÓN FÍSICA
Extensión 62 p. :
Otros detalles físicos il.,
Dimensiones 17 cm.
490 00 - MENCIÓN DE SERIES
Mención de serie Un mar de sueños
Volume/sequential designation 7
700 10 - ASIENTO SECUNDARIO -- NOMBRE PERSONAL
Nombre personal Andrés, Gabriel,
Mención de responsabilidad tr.
700 10 - ASIENTO SECUNDARIO -- NOMBRE PERSONAL
Nombre personal Paba, Tonina,
Mención de responsabilidad ed.
700 10 - ASIENTO SECUNDARIO -- NOMBRE PERSONAL
Nombre personal Enna, Bruno,
Mención de responsabilidad il.
830 #0 - ASIENTO SECUNDARIO DE SERIE--TÍTULO UNIFORME
Título uniforme Un mar de sueños
Número de la parte o sección de una obra 7
942 ## - ADDED ENTRY ELEMENTS (KOHA)
Source of classification or shelving scheme Dewey Decimal Classification
Koha item type Libros
945 ## - INFORMACIÓN DE PROCESAMIENTO LOCAL
Información de procesamiento local Inventariado, 2018/ YL
956 ## - LOCAL ELECTRONIC LOCATION AND ACCESS (OCLC)
Nombre de host YLOCKWARD
Número de acceso 10
Información de compresión BPMSU
Existencias
Withdrawn status Lost status Source of classification or shelving scheme Damaged status Not for loan Collection code Home library Current library Date acquired Source of acquisition Total Checkouts Full call number Barcode Date last seen Price effective from Koha item type
    Dewey Decimal Classification     Colección Infantil General Biblioteca Pública Metropolitana Salomé Ureña Biblioteca Pública Metropolitana Salomé Ureña 11/18/2015 Donado por Fundi   xx xx BPMSU15110339 11/18/2015 11/18/2015 Libros